00321nam a2200121Ia 4500008004100000041000800041082001700049100001700066245003700083260004000120300003000160365000900190240624s9999 xx 000 0 und d aeng a658.4038 FUL aFULLER STEVE aKNOWLEDGE MANAGEMENT FOUNDATIONS c2002aBostonbButterworth Heinemann axi, : 279 : p. : cm. ; 23 cb30